| 000 | 00770nam a2200229 i 4500 | ||
|---|---|---|---|
| 001 | bgj | ||
| 100 | 1 | _aBOWEN, Tim. | |
| 245 | 1 | 0 |
_aInside teaching : _boptions for English language teachers / _cTim Bowen ; Jonathan Marks. |
| 260 |
_aOxford : _bHeinemann, _c1994. |
||
| 300 |
_aVIII, 176 pp ; _c25 cm. |
||
| 490 | 1 | _aThe teacher development series / [edited by] Adrian Underhill | |
| 505 | _aIncludes index. | ||
| 650 | 9 |
_aEnglish language _xStudy and teaching _xForeign speakers |
|
| 700 | 1 |
_aMARKS, Jonathan. _eco-author |
|
| 830 | 0 | _aThe teacher development series ([edited by] Adrian Underhill) | |
| 020 | _a0435240889 (pbk) | ||
| 040 | _cBPK | ||
| 041 | _aeng | ||
| 920 | _a0-435-24088-9 (pbk) | ||
| 942 | _cKS | ||
| 008 | s uk f |000 0 eng | ||
| 999 |
_c47996 _d47996 |
||
| 856 |
_uhttp://koha.tu.koszalin.pl/cgi-bin/koha/opac-detail.pl?biblionumber=47996 _yKatalog online BPK |
||